AH International Schools' Libraries

Angry birds playground : (Record no. 48525)

MARC details
000 -LEADER
fixed length control field 01278nam a2200241 4500
020 ## - INTERNATIONAL STANDARD BOOK NUMBER
International Standard Book Number 9781426313240 (hardcover : alk. paper)
020 ## - INTERNATIONAL STANDARD BOOK NUMBER
International Standard Book Number 9781426313257 (reinforced library binding : alk. paper)
040 ## - CATALOGING SOURCE
Original cataloging agency NJQ/DLC
Transcribing agency NJQ
Modifying agency DLC
042 ## - AUTHENTICATION CODE
Authentication code pcc
082 04 - DEWEY DECIMAL CLASSIFICATION NUMBER
Classification number 567.9
100 1# - MAIN ENTRY--PERSONAL NAME
Personal name Esbaum, Jill,
Relator code author.
9 (RLIN) 80416
245 10 - TITLE STATEMENT
Title Angry birds playground :
Remainder of title dinosaurs : a prehistoric adventure! /
Statement of responsibility, etc by Jill Esbaum ; dinosaur art by Franco Tempesta.
260 ## - PUBLICATION, DISTRIBUTION, ETC. (IMPRINT)
Place of publication, distribution, etc Washington, D.C. :
Name of publisher, distributor, etc National Geographic,
Date of publication, distribution, etc c2013.
300 ## - PHYSICAL DESCRIPTION
Extent 127 p. :
Other physical details col. ill. ;
Dimensions 25 cm.
505 0# - FORMATTED CONTENTS NOTE
Formatted contents note Triassic period -- Jurassic period -- Early cretaceous period -- Late cretaceous period -- Matilda's scrapbook -- Dinosaur fossil map -- Quiz time! -- Bonus activities.
520 ## - SUMMARY, ETC.
Summary, etc "Fly with your favorite Angry Birds characters as they travel back in time on a zany search to find their eggs. Kids will be hooked on this wacky mystery as they analyze and observe the wonderful world of dinosaurs as they are building basic skills through fun and fascinating activities"--
521 1# - TARGET AUDIENCE NOTE
Target audience note 004-007.
521 2# - TARGET AUDIENCE NOTE
Target audience note K to grade 3.
650 #0 - SUBJECT ADDED ENTRY--TOPICAL TERM
Topical term or geographic name as entry element Dinosaurs
Form subdivision Juvenile literature.
650 #0 - SUBJECT ADDED ENTRY--TOPICAL TERM
Topical term or geographic name as entry element Fossils
Form subdivision Juvenile literature.
650 #0 - SUBJECT ADDED ENTRY--TOPICAL TERM
Topical term or geographic name as entry element Angry Birds (Game)
Form subdivision Juvenile literature.
9 (RLIN) 86093
942 ## - ADDED ENTRY ELEMENTS (KOHA)
Source of classification or shelving scheme
Koha item type Book
Holdings
Withdrawn status Lost status Source of classification or shelving scheme Damaged status Not for loan Home library Current library Date acquired Total Checkouts Full call number Barcode Date last seen Date checked out Price effective from Koha item type
          Logos International School Logos International School 03/03/2025 10 J 567.9 ESB 040458 05/01/2026 04/28/2026 03/03/2025 Books/GRAPHICS

For any Logos Library related questions please contact Miss Art at swongnarasuk@asianhope.org.

For any Asian Hope Library related questions please contact Miss Raza at graza@asianhope.org.

Powered by Koha